000 00771nam a22002417a 4500
005 20170124110110.0
010 _aA-759281
020 _c00.00
_a8186208038
035 _aA-759281
037 _bCen Lib/Ret
040 _aDPL
_bEN
082 _a954.11
_bMOH
100 _aMohammad Yasin
_928899
245 _aMysteries and glimpses of Kashmir /
_cby Mohammad Yasin [and] Madhavi Yasin
260 _bRaj Publications
_c1996
_aDelhi
270 _aR-115/2, Model Town-III
_bDelhi
_e110009
300 _a267p. :
_c21cm(Hb)
_bill.
500 _aIncludes index
650 _aJammu and Kashmir (India)
_928900
650 _aJammu and Kashmir (India) -- Politics and government
_928901
700 _aMadhavi Yasin
_928902
942 _2ddc
_cEN
_h954.11
_mMOH
999 _c130320
_d130320